|
|
|
|
| LEADER |
01148nam a2200265 a 4500 |
| 001 |
2690587 |
| 008 |
090825r19981989nyu b 001 0 eng d |
| 010 |
|
|
|a 75037697
|
| 020 |
|
|
|a 8185015120
|
| 040 |
|
|
|a DLC
|c DLC
|d DLC
|d DB-DhAAL
|
| 082 |
0 |
0 |
|a 512/.73
|2 20
|
| 100 |
1 |
|
|a Apostol, Tom M.
|
| 245 |
1 |
0 |
|a Introduction to analytic number theory /
|c Tom M. Apostol.
|
| 250 |
|
|
|a Springer International Student Edition.
|
| 260 |
|
|
|a New York ;
|a New Delhi:
|b Springer-Verlag;
|b Narosa Publishing House,
|c 1989.[reprinted 1998]
|
| 300 |
|
|
|a xii, 338 p. ;
|c 24 cm.
|
| 504 |
|
|
|a Includes bibliography: (p. 329-332) and index.
|
| 541 |
1 |
|
|e 00018636
|
| 650 |
|
0 |
|a Number theory.
|
| 650 |
|
0 |
|a Arithmetic functions.
|
| 650 |
|
0 |
|a Numbers, Prime.
|
| 852 |
4 |
|
|a Ayesha Abed Library
|j General Shelf.
|
| 999 |
|
|
|c 7887
|d 7887
|
| 952 |
|
|
|0 0
|1 0
|2 ddc
|4 0
|6 512_730000000000000_APO_1998
|7 0
|9 8814
|a BRACUL
|b BRACUL
|c GEN
|d 2010-03-28
|l 2
|m 4
|o 512.73 APO
|p 3010018636
|r 2024-04-16
|s 2024-03-07
|t 1
|w 2010-03-28
|y BK
|
| 952 |
|
|
|0 0
|1 0
|2 ddc
|4 0
|6 512_730000000000000_APO_1998
|7 0
|9 9602
|a BRACUL
|b BRACUL
|c GEN
|d 2010-05-02
|l 1
|m 30
|o 512.73 APO
|p 3010018635
|r 2025-04-21
|s 2024-06-05
|t 2
|w 2010-05-02
|y BK
|